Online
Catalog

La madre adolescente y su repercusión en la salud materno infantil (Record no. 49556)

MARC details
000 -CABECERA
campo de control de longitud fija 00828nam a22002297a 4500
001 - NÚMERO DE CONTROL
campo de control 000047812
003 - IDENTIFICADOR DEL NÚMERO DE CONTROL
campo de control OSt
005 - FECHA Y HORA DE LA ÚLTIMA TRANSACCIÓN
campo de control 20210315090117.0
008 - DATOS DE LONGITUD FIJA--INFORMACIÓN GENERAL
campo de control de longitud fija 180817s1991 dr 000 0 spa d
040 ## - FUENTE DE LA CATALOGACIÓN
Centro catalogador/agencia de origen DO-SdBNP
Lengua de catalogación spa
Centro/agencia transcriptor BNPHU
082 ## - NÚMERO DE LA CLASIFICACIÓN DECIMAL DEWEY
Número de clasificación xxxx
Número de documento/Ítem xxxx
110 2# - ENTRADA PRINCIPAL--NOMBRE DE ENTIDAD CORPORATIVA
Nombre de entidad corporativa o nombre de jurisdicción como elemento de entrada República Dominicana.
Unidad subordinada Consejo Nacional de Investigaciones en Salud Materno Infantil (CENISMI)
9 (RLIN) 75396
245 10 - MENCIÓN DE TÍTULO
Título La madre adolescente y su repercusión en la salud materno infantil
Mención de responsabilidad, etc. editado por Hugo R. Mendoza
260 ## - PUBLICACIÓN, DISTRIBUCIÓN, ETC.
Lugar de publicación, distribución, etc. Santo Domingo :
Nombre del editor, distribuidor, etc. Consejo Nacional de Investigaciones en Salud Materno Infantil,
Fecha de publicación, distribución, etc. 1991.
300 ## - DESCRIPCIÓN FÍSICA
Extensión 10 p. :
Dimensiones 28 cm.
490 1# - MENCIÓN DE SERIE
Mención de serie Reuniones técnicas ;
Designación de volumen o secuencia 3 ;
590 ## - NOTA LOCAL (RLIN)
Nota local Inventariado, 2021/ YL
700 12 - PUNTO DE ACCESO ADICIONAL--NOMBRE DE PERSONA
Nombre de persona Mendoza, Hugo R.
Término indicativo de función/relación ed.
9 (RLIN) 6390
830 ## - PUNTO DE ACCESO ADICIONAL DE SERIE-TÍTULO UNIFORME
Título uniforme Reuniones técnicas
Número de parte o sección de la obra 3
9 (RLIN) 78118
910 ## - DATOS DE OPCIÓN DEL USUARIO (OCLC)
Datos de opción del usuario YLOCKWARD
942 ## - ELEMENTOS DE PUNTO DE ACCESO ADICIONAL (KOHA)
Fuente del sistema de clasificación o colocación Dewey Decimal Classification
Tipo de ítem Koha Folleto
Holdings
Estado de retiro Estado de pérdida Fuente del sistema de clasificación o colocación Restricciones de uso No para préstamo Código de colección Localización permanente Ubicación/localización actual Ubicación en estantería Fecha de adquisición Fuente de adquisición Total de préstamos Signatura topográfica completa Fecha visto por última vez Precio válido a partir de Tipo de ítem Koha
    Dewey Decimal Classification Excluido de préstamo Excluido de préstamo Monografías: Libros y Folletos Biblioteca Nacional Pedro Henríquez Ureña Biblioteca Nacional Pedro Henríquez Ureña En catalogación 15.03.2021 Donación   xxxx xxxx 15.03.2021 15.03.2021 Folleto

Powered by Koha